ARRUPE JESUIT UNIVERSITY

CORONAVIRUS -STOP THE SPREAD - CLEAN,DISINFECT,COVER

A Thomas Merton reader (Record no. 100640)

MARC details
000 -LEADER
fixed length control field 00632nam a2200253Ia 4500
003 - CONTROL NUMBER IDENTIFIER
control field 0100
005 - DATE AND TIME OF LATEST TRANSACTION
control field 20161214105030.0
008 - FIXED-LENGTH DATA ELEMENTS--GENERAL INFORMATION
fixed length control field 130307s9999 xx 000 0 und d
020 ## - INTERNATIONAL STANDARD BOOK NUMBER
International Standard Book Number 0385032927
040 ## - CATALOGING SOURCE
Transcribing agency ARRUPELIB
050 ## - LIBRARY OF CONGRESS CALL NUMBER
Classification number BX2350.M541 1974
300 ## - PHYSICAL DESCRIPTION
Other physical details 18 cm.
100 ## - MAIN ENTRY--PERSONAL NAME
Personal name Merton, Thomas
9 (RLIN) 14833
245 #2 - TITLE STATEMENT
Title A Thomas Merton reader
250 ## - EDITION STATEMENT
Edition statement Rev. ed.
260 ## - PUBLICATION, DISTRIBUTION, ETC. (IMPRINT)
Place of publication, distribution, etc New York
260 ## - PUBLICATION, DISTRIBUTION, ETC. (IMPRINT)
Name of publisher, distributor, etc Image Books
260 ## - PUBLICATION, DISTRIBUTION, ETC. (IMPRINT)
Date of publication, distribution, etc 1974.
300 ## - PHYSICAL DESCRIPTION
Extent 516 p.
650 ## - SUBJECT ADDED ENTRY--TOPICAL TERM
Topical term following geographic name as entry element Italy--History--Renaissance
9 (RLIN) 28048
650 ## - SUBJECT ADDED ENTRY--TOPICAL TERM
Location of event Renaissance--Italy
9 (RLIN) 28049
700 ## - ADDED ENTRY--PERSONAL NAME
Personal name McDonnell, Thomas P
9 (RLIN) 28050
942 ## - ADDED ENTRY ELEMENTS (KOHA)
Source of classification or shelving scheme Library of Congress Classification
Koha item type Monograph ( Printed materials)
Holdings
Withdrawn status Lost status Source of classification or shelving scheme Damaged status Not for loan Collection code Home library Current library Date acquired Total Checkouts Full call number Barcode Date last seen Copy number Price effective from Koha item type Shelving location
    Library of Congress Classification     Main Collection ARRUPE LIBRARY ARRUPE LIBRARY 07/03/2013   BX2350.M541 1974 46003065864 22/11/2017 1 07/03/2013 Monograph ( Printed materials)  
    Library of Congress Classification     Main Collection ARRUPE LIBRARY ARRUPE LIBRARY 14/12/2016   BX2350.M541 1974 46500021277 24/01/2017   14/12/2016 Monograph ( Printed materials) Main Collection

 

Arrupe Library. PO Box MP320 Mt Pleasant, Harare, Zimbabwe
263 242 745411|librarian@aju.ac.zw